| 000 | 00681nam a2200253Ia 4500 | ||
|---|---|---|---|
| 003 | GCL | ||
| 008 | 140319s9999 xx 000 0 ara d | ||
| 040 |
_aGCL / _cGCL |
||
| 082 | 0 | 4 |
_a301.427 _bم ع |
| 100 | 1 | _aمعن خليل عمر | |
| 245 | 1 | 0 |
_aعلم اجتماع الاسرة / _cمعن خليل عمر |
| 260 |
_a[S.N] : _bدار الشروق ، _c1994 |
||
| 300 | _a257 ص | ||
| 490 | _a | ||
| 650 | 0 | 4 | _aالمجتمع |
| 650 | 0 | 4 | _aالاسرة |
| 650 | 0 | 4 | _aالطلاق |
| 650 | 0 | 4 | _aالمرأة |
| 650 | 0 | 4 | _aالزواج |
| 650 | 0 | 4 | _aالاجتماع |
| 650 | 0 | 4 | _aالتنشئة الاجتماعية |
| 650 | 0 | 4 | _aالتنشئة |
| 942 |
_2ddc _cBK |
||
| 999 |
_c29813 _d29813 |
||